Close-order remote-sensing survey of five anomalies and proposed channel modifications for historic properties investigations, Texas City channel improvements, Galveston Bay, Texas /

Bibliographic Details
Corporate Authors: PBS&J, Inc, Texas Antiquities Committee
Other Authors: Gearhart, Robert, 1959-
Format: Government Document Book
Language:English
Published: Austin, Tex. : PBS & J, [2005]
Subjects:

MARC

Tag First Indicator Second Indicator Subfields
LEADER 00000cam a2200000Ia 4500
001 in00002228607
005 20171125063901.0
008 051014s2005 txub b s000 0 eng d
035 |a (OCoLC)ocm62081549 
035 |a (OCoLC)62081549 
040 |a IKM  |c IKM  |d TXA  |d UtOrBLW 
043 |a n-us-tx 
049 |a TXAM 
086 |a A1900.7 P422 NO.3524  |2 txdocs 
090 |a F392.G25  |b C56 2005 
245 0 0 |a Close-order remote-sensing survey of five anomalies and proposed channel modifications for historic properties investigations, Texas City channel improvements, Galveston Bay, Texas /  |c Robert L. Gearhart [and others]. ; principal investigator, Robert L. Gearhart. 
264 1 |a Austin, Tex. :  |b PBS & J,  |c [2005] 
300 |a vi, 44, pages :  |b maps (some color) ;  |c 28 cm. 
336 |a text  |b txt  |2 rdacontent 
337 |a unmediated  |b n  |2 rdamedia 
338 |a volume  |b nc  |2 rdacarrier 
500 |a "Prepared for: Department of the Army, Galveston District Corps of Engineers, Galveston, Texas" 
500 |a "Prepared by: PBS&J, Austin, Texas" 
500 |a "July 2005." 
500 |a "Texas Antiquities [Committee] permit number 3524." 
500 |a "Document number 040322 ; PBS&J job number 441186 ; Contract DACW64-03-D-0001 ; Task order number 0002." 
504 |a Includes bibliographical references (pages 43-44). 
650 0 |a Archaeological surveying  |z Texas  |z Galveston Bay. 
650 0 |a Underwater archaeology  |z Texas  |z Galveston Bay. 
651 0 |a Galveston Bay (Tex.)  |x Antiquities. 
700 1 |a Gearhart, Robert,  |d 1959- 
710 2 |a PBS&J, Inc. 
710 2 |a Texas Antiquities Committee. 
994 |a C0  |b TXA 
948 |a cataloged  |b h  |c 2007/4/23  |d c  |e rrojas/erowan 
999 |a MARS 
999 f f |s 68bb7f2c-318d-31ec-9152-33ae97107aba  |i b0e1cb2b-393c-3aec-9491-6f4abcdbb603  |t 0 
952 f f |p ric  |a Texas A&M University  |b Rellis Campus  |c Joint Library Facility  |d Remote Storage  |t 0  |e F392.G25 C56 2005  |h Library of Congress classification  |i unmediated -- volume  |m A14835833906 
998 f f |a F392.G25 C56 2005  |t 0  |l Remote Storage